Opatrenia na podporu malých a stredných podnikov na Slovensku diplomová práca

Gespeichert in:
Bibliographische Detailangaben
1. Verfasser: Škultéty, Róbert
Körperschaft: Národohospodárska fakulta EU. Katedra hospodárskej politiky
Weitere Verfasser: Kopkáš, Peter
Format: Buch
Sprache:Slowakisch
Veröffentlicht: Bratislava 2018
Tags: Tag hinzufügen
Keine Tags, Fügen Sie das erste Tag hinzu!

MARC

LEADER 00000nbm a2200000 4500
001 0244185
005 20181127082757.7
041 0 |a slo 
044 |a SK 
245 1 0 |a Opatrenia na podporu malých a stredných podnikov na Slovensku  |b diplomová práca  |c Róbert Škultéty ; školiteľ: Peter Kopkáš 
264 1 |a Bratislava  |c 2018 
300 |a 56 s. 
100 1 |a Škultéty, Róbert 
700 1 |a Kopkáš, Peter 
710 2 |a Národohospodárska fakulta EU. Katedra hospodárskej politiky